00796nam a2200253 i 4500001001000000003000900010005001700019007000300036008004100039040003000080082001400110100003900124245003900163264004800202300002600250336002700276337003300303338002800336590002600364910000700390942001400397952011400411999001700525000047933DO-SdBNP20240228142033.0ta181004s1900 dr r 000 0 spa d aDO-SdBNPbspacBNPHUerda bC767n2221 aMora Serrano, Manuel,c1933-9516210aNoticia /cPedro Rene Contin Aybar a[sin lugar] :b[sin editora],c[sin fecha]. a114 paginas ;c23 cm. 2rdacontentatextobtxt 2rdamediaasin mediaciónbn 2rdacarrieravolumenbnc aInventariado, 2023/DG aDG 2ddccLBS1 00102ddc51708PDaBNPHUbBNPHUcCTd2023-08-08l0oBNPHU PD C767np2023-5244r2023-08-08w2023-08-08yLBS1 c54349d54349